000
00323pab a2200133 454500
008
180718b1990 xxu||||| |||| 00| 0 eng d
245
_a
Education, women entrepreneurship and national development
260
_c
1990
300
_a
2-4
362
_a
16 Jul.
650
_a
Women
773
_a
University News
909
_a
21185
999
_c
21185
_d
21185